Statistics for Capitals to Country - Africa

Click here to take the quiz!

General Stats

  • This quiz has been taken 1,437 times
  • The average score is 38 of 54

Answer Stats

HintAnswer% Correct
AlgiersAlgeria
97%
São ToméSao Tome and Principe
97%
DjiboutiDjibouti
95%
CairoEgypt
95%
Cape TownSouth Africa
95%
TunisTunisia
95%
BissauGuinea Bissau
93%
NairobiKenya
93%
Addis AbabaEthiopia
88%
RabatMorocco
88%
TripoliLibya
86%
AccraGhana
80%
BrazzavilleRepublic of the Congo
79%
DakarSenegal
79%
KinshasaDemocratic Republic of the Congo
77%
KhartoumSudan
77%
AntananarivoMadagascar
76%
AbujaNigeria
76%
WindhoekNamibia
75%
LuandaAngola
74%
OuagadougouBurkina Faso
74%
FreetownSierra Leone
74%
MogadishuSomalia
74%
HarareZimbabwe
71%
JubaSouth Sudan
70%
KampalaUganda
70%
VictoriaSeychelles
69%
N'DjamenaChad
68%
NiameyNiger
66%
KigaliRwanda
66%
YaoundeCameroon
65%
Port LouisMauritius
65%
YamoussoukroIvory Coast
64%
MonroviaLiberia
64%
Porto-NovoBenin
62%
GaboroneBotswana
62%
LilongweMalawi
62%
LoméTogo
62%
LibrevilleGabon
61%
PraiaCape Verde
60%
AsmaraEritrea
60%
ConakryGuinea
60%
NouakchottMauritania
60%
MaputoMozambique
60%
DodomaTanzania
60%
LusakaZambia
60%
MbabaneEswatini
59%
BamakoMali
59%
MoroniComoros
56%
BanguiCentral African Republic
55%
BanjulGambia
54%
GitegaBurundi
53%
MalaboEquatorial Guinea
52%
MaseruLesotho
51%

Score Distribution

Percentile by Number Answered

Percent of People with Each Score

Your Score History

You have not taken this quiz